التحضير النسيجي المجهري / (رقم التسجيلة. 84638)

تفاصيل مارك
000 -LEADER
fixed length control field 00784nam a22002417a 4500
005 - DATE AND TIME OF LATEST TRANSACTION
control field 20251108172632.0
008 - FIXED-LENGTH DATA ELEMENTS--GENERAL INFORMATION
fixed length control field 250721s2001 xx 000 0 ara d
082 14 - DEWEY DECIMAL CLASSIFICATION NUMBER
Classification number 610,28/تحض
100 1# - MAIN ENTRY--PERSONAL NAME
Personal name الخطيب، عماد
245 10 - TITLE STATEMENT
Title التحضير النسيجي المجهري /
264 1# - PRODUCTION, PUBLICATION, DISTRIBUTION, MANUFACTURE, AND COPYRIGHT NOTICE
Place of production, publication, distribution, manufacture عمان :
Name of producer, publisher, distributor, manufacturer دار اليازوري للنشر و التوزيع،
Date of production, publication, distribution, manufacture, or copyright notice 2001.
300 ## - PHYSICAL DESCRIPTION
Extent 386 ص
650 17 - SUBJECT ADDED ENTRY--TOPICAL TERM
Topical term or geographic name as entry element مختبرات العينات
650 17 - SUBJECT ADDED ENTRY--TOPICAL TERM
Topical term or geographic name as entry element المختبرات الكيميائية
650 17 - SUBJECT ADDED ENTRY--TOPICAL TERM
Topical term or geographic name as entry element المعدات المخبريه
650 17 - SUBJECT ADDED ENTRY--TOPICAL TERM
Topical term or geographic name as entry element الشرائح
650 17 - SUBJECT ADDED ENTRY--TOPICAL TERM
Topical term or geographic name as entry element الأنسجة
700 1# - ADDED ENTRY--PERSONAL NAME
Personal name أبوريان، خلود
700 1# - ADDED ENTRY--PERSONAL NAME
Personal name قاسم، عاهد
700 1# - ADDED ENTRY--PERSONAL NAME
Personal name المغربي، نجاة
Relator term مولف مشارك
942 ## - ADDED ENTRY ELEMENTS (KOHA)
Source of classification or shelving scheme Dewey Decimal Classification
Koha item type كتب
المقتنيات
حالة السحب حالة الفقدان مصدر التصنيف حالة التلف غير قابل للإعارة المكتبة الرئيسية المكتبة الحالية موقع الرف تاريخ التزويد الرقم المتسلسل Total Checkouts رقم الإستدعاء الباركود تاريخ آخر ظهور تاريخ الفاتورة نوع المادة (كوها)
    Dewey Decimal Classification     مكتبة أم قصير والمقابلين العامة مكتبة أم قصير والمقابلين العامة الإعارة 28/07/2025 520465   610,28/تحض 520465 28/07/2025 28/07/2025 كتب
    Dewey Decimal Classification     مكتبة حمزة العامة مكتبة حمزة العامة الإعارة 11/01/2016 520463   610,28/تحض PLD00368664 28/07/2025 11/01/2016 كتب
    Dewey Decimal Classification     مكتبة وادي السير العامة مكتبة وادي السير العامة الإعارة 30/06/1980 379427..   610,28/تحض PLD00372014 28/07/2025 30/06/1980 كتب
Implemented & Customized by: BBB with SCIT (Smart Chains for Information Technology)

Powered by Koha